[Event "Warsaw MG-ch 2nd"]
[Site "Warsaw"]
[Date "2012.02.20"]
[Round "6"]
[White "Woloszyn, Piotr"]
[Black "Lapanowski, Jacenty"]
[Result "1/2-1/2"]
[WhiteElo "1667"]
[BlackElo "1688"]
[PlyCount "120"]
[EventDate "2012.01.02"]
[EventType "swiss"]
[EventRounds "11"]
[EventCountry "POL"]
[SourceTitle "EXT 2014"]
[Source "ChessBase"]
[SourceDate "2013.11.20"]
[SourceVersion "1"]
[SourceVersionDate "2013.11.20"]
[SourceQuality "1"]

1. e4 c5 2. f4 e6 3. Nf3 Qc7 4. d3 Nc6 5. Nc3 a6 6. a4 d6 7. g3 Nf6 8. Bg2 Be7 9. 0-0 0-0 10. Kh1 Bd7 11. Ne2 Rab8 12. b3 b5 13. axb5 axb5 14. Be3 Ra8 15. Qd2 Ng4 16. h3 Nxe3 17. Qxe3 Bf6 18. Rxa8 Rxa8 19. e5 Be7 20. exd6 Bxd6 21. Nc3 Ne7 22. Ne5 Nf5 23. Qe1 Rb8 24. g4 Nd4 25. Rf2 Be8 26. Qe4 f6 27. Nf3 Bc6 28. Qe1 Bxf3 29. Bxf3 Bxf4 30. Qe4 Qe5 31. Qxe5 Bxe5 32. Ne4 Rc8 33. Bd1 c4 34. bxc4 bxc4 35. c3 Nb5 36. d4 Bb8 37. Ba4 Nd6 38. Nxd6 Bxd6 39. Bd7 Rc7 40. Bxe6+ Kf8 41. Ra2 Ke7 42. Bd5 Bf4 43. Kg2 Kd6 44. Be4 g6 45. Kf3 Bh6 46. Ra6+ Ke7 47. Bd5 Bd2 48. Re6+ Kd7 49. Rxf6 Bxc3 50. Rf7+ Kd6 51. Rxc7 Kxc7 52. Ke3 Kd6 53. Bxc4 Bb2 54. Ke4 Bc1 55. h4 h6 56. Bf7 g5 57. h5 Ke7 58. Bb3 Kf6 59. Kd5 Ba3 60. Kc6 Ke7 1/2-1/2

[Event "Warsaw MG-ch 2nd"]
[Site "Warsaw"]
[Date "2012.01.02"]
[Round "1"]
[White "Lapanowski, Jacenty"]
[Black "Czorniej, Antonina"]
[Result "1/2-1/2"]
[WhiteElo "1688"]
[BlackElo "1278"]
[PlyCount "54"]
[EventDate "2012.01.02"]
[EventType "swiss"]
[EventRounds "11"]
[EventCountry "POL"]
[SourceTitle "EXT 2014"]
[Source "ChessBase"]
[SourceDate "2013.11.20"]
[SourceVersion "1"]
[SourceVersionDate "2013.11.20"]
[SourceQuality "1"]

1. e4 c6 2. d4 d5 3. Nc3 dxe4 4. Nxe4 Bf5 5. Ng3 Bg6 6. h4 h6 7. Nf3 Nd7 8. h5 Bh7 9. Bd3 Bxd3 10. Qxd3 e6 11. Bd2 Qb6 12. 0-0 0-0-0 13. Qb3 Bd6 14. Ne4 Bb8 15. Bb4 Ndf6 16. Nxf6 Nxf6 17. Be7 Qxb3 18. axb3 Rd5 19. Bxf6 gxf6 20. g3 Rg8 21. Kg2 Rxh5 22. Rh1 Rxh1 23. Rxh1 Rg6 24. Nh4 Rg4 25. Nf3 Rg6 26. Nh4 Rg4 27. Nf3 Rg6 1/2-1/2